| 000 | 00749nam a2200253Ia 4500 | ||
|---|---|---|---|
| 003 | OSt | ||
| 005 | 20220916110918.0 | ||
| 006 | a|||||r|||| 00| 0 | ||
| 007 | ta | ||
| 008 | 220915b |||||||| |||| 00| 0 hin d | ||
| 024 | _a169241 | ||
| 037 | _cTextbook | ||
| 040 |
_bhin _aARTS _cARTS |
||
| 041 | _ahin | ||
| 082 | _aO152,2x, K9 | ||
| 100 | _aलाल, लक्ष्मीनारायण, संपा. | ||
| 245 | 0 | _aरंग सप्तक | |
| 246 | _aRanga saptaka | ||
| 250 | _aसंस्क0 2 | ||
| 260 | _c1969 | ||
| 650 | _aहिन्दी साहित्य | ||
| 942 |
_hO152,2x, K9 _cTB _2CC |
||
| 999 |
_c101166 _d101166 |
||